|
|
|
|
| LEADER |
00780nam a22002172a 4500 |
| 001 |
000749918 |
| 003 |
CZ BrMZK |
| 005 |
20041115085018.0 |
| 007 |
ta |
| 008 |
041115s1876 xr er|||||||||||cze d |
| 040 |
|
|
|a BOA001
|B OA001
|b cze
|
| 100 |
1 |
|
|a Vašák, Emanuel,
|d 1818-1891
|7 jk01141644
|4 aut
|
| 245 |
1 |
0 |
|a Navedení ku zpěvu pro mládež první třídy na školách obecných :
|b s několika praktickými příklady a sbírkou písní s průvodem piana /
|c E. Vašák
|
| 260 |
|
|
|a Praha :
|b F.A. Urbánek,
|c 1876
|
| 300 |
|
|
|a 55 s.
|
| 910 |
|
|
|a BOA001
|b PK-A-0012.723
|
| 964 |
|
|
|a Zpěv - metodika - školy obecné
|
| 964 |
|
|
|a Bohemika - stol. 19.
|
| 990 |
|
|
|a BK
|
| 993 |
|
|
|a Y
|
| 996 |
6 |
|
|b BC-176985
|c PK-A-0012.723
|l MZK
|r Sklad / do 1 hodiny
|n 0
|w 000749918
|u 000010
|a 1
|e BOA001
|j MZK50
|s P
|